[Event "GER-chT U16"]
[Site "Willingen"]
[Date "2021.06.26"]
[Round "6.4"]
[White "Sell, Eero"]
[Black "Schaefer, Konstantin"]
[Result "1-0"]
[WhiteElo "1766"]
[BlackElo "1754"]
[PlyCount "57"]
[EventDate "2021.06.23"]
[EventType "team-swiss"]
[EventRounds "7"]
[EventCountry "GER"]
[SourceTitle "CBM 203 Extra"]
[Source "ChessBase"]
[SourceDate "2021.09.30"]
[SourceVersion "1"]
[SourceVersionDate "2021.09.30"]
[SourceQuality "1"]
[WhiteTeam "Blankenese"]
[BlackTeam "Leipzig SG "]
[WhiteTeamCountry "GER"]
[BlackTeamCountry "GER"]

1. e4 c5 2. Nc3 Nc6 3. f4 g6 4. Nf3 Bg7 5. Bb5 Nd4 6. 0-0 Nxb5 7. Nxb5 a6 8. Nc3 e6 9. e5 d5 10. d4 cxd4 11. Nxd4 Ne7 12. Qe1 Qb6 13. Be3 Qxb2 14. a3 Qb6 15. Nf5 Qc7 16. Nxg7+ Kf8 17. f5 Kxg7 18. Bh6+ Kxh6 19. f6 Nf5 20. Rxf5 gxf5 21. Qh4+ Kg6 22. Qg3+ Kh6 23. Ne2 Qc4 24. Qg7+ Kh5 25. Ng3+ Kh4 26. Rf1 Qxf1+ 27. Nxf1 Bd7 28. Qh6+ Kg4 29. h3# 1-0

[Event "GER-chT U16"]
[Site "Willingen"]
[Date "2021.06.26"]
[Round "5.4"]
[White "Sell, Eero"]
[Black "Sinnhoefer, Joshua"]
[Result "1/2-1/2"]
[WhiteElo "1766"]
[BlackElo "1712"]
[PlyCount "120"]
[EventDate "2021.06.23"]
[EventType "team-swiss"]
[EventRounds "7"]
[EventCountry "GER"]
[SourceTitle "CBM 203 Extra"]
[Source "ChessBase"]
[SourceDate "2021.09.30"]
[SourceVersion "1"]
[SourceVersionDate "2021.09.30"]
[SourceQuality "1"]
[WhiteTeam "Blankenese"]
[BlackTeam "Delmenhorst"]
[WhiteTeamCountry "GER"]
[BlackTeamCountry "GER"]

1. e4 d5 2. exd5 Qxd5 3. Nc3 Qa5 4. d4 Nf6 5. Bc4 Nc6 6. Bb3 Bg4 7. f3 Bh5 8. Nge2 0-0-0 9. 0-0 e5 10. d5 Nb4 11. Ng3 Bg6 12. Bg5 c6 13. Nge4 cxd5 14. Bxf6 gxf6 15. Nf2 d4 16. Nce4 Be7 17. Qe2 Nd5 18. Nd3 Ne3 19. Rfc1 f5 20. Nd2 Kb8 21. c3 f4 22. Nc4 Nxc4 23. Bxc4 f6 24. Nxf4 Bc5 25. Nd3 Bxd3 26. Bxd3 dxc3+ 27. Kh1 cxb2 28. Qxb2 Rxd3 29. Qc2 Rhd8 30. h3 Be3 31. Re1 Bf4 32. Rab1 h5 33. g3 Bxg3 34. Rec1 e4 35. Rxb7+ Ka8 36. Rg7 Qd5 37. Rxg3 Rd1+ 38. Rxd1 Qxd1+ 39. Qxd1 Rxd1+ 40. Rg1 Rd3 41. Rg8+ Kb7 42. fxe4 Rxh3+ 43. Kg1 Ra3 44. Rg7+ Kc6 45. Rf7 Kd6 46. Rxf6+ Ke5 47. Rf5+ Kxe4 48. Rxh5 Rxa2 49. Rh3 a5 50. Kf1 Kd4 51. Ke1 Kc4 52. Kd1 Rb2 53. Kc1 Rb5 54. Rh4+ Kb3 55. Kb1 Ka3+ 56. Ka1 a4 57. Rh1 Rb2 58. Rg1 Rb4 59. Rg3+ Rb3 60. Rxb3+ axb3 1/2-1/2

[Event "GER-chT Christmas U16 Steinitz"]
[Site "Playchess.com INT"]
[Date "2020.12.28"]
[Round "6.3"]
[White "Mueller, Fabian"]
[Black "Sell, Eero"]
[Result "1/2-1/2"]
[WhiteElo "1205"]
[BlackElo "1766"]
[PlyCount "149"]
[EventDate "2020.12.28"]
[EventType "team-swiss (blitz)"]
[EventRounds "7"]
[EventCountry "GER"]
[SourceTitle "CBM 200 Extra"]
[Source "ChessBase"]
[SourceDate "2021.03.31"]
[SourceVersion "1"]
[SourceVersionDate "2021.03.31"]
[SourceQuality "1"]
[WhiteTeam "Aschheim/Feldkirchen/Kirchheim"]
[BlackTeam "Blankenese"]
[WhiteTeamCountry "GER"]
[BlackTeamCountry "GER"]

1. d4 g6 2. Bf4 Bg7 3. Nf3 c5 4. c3 Qb6 5. Qb3 Nc6 6. dxc5 Qxc5 7. e3 Nf6 8. Qc4 Qb6 9. Qb5 0-0 10. Qxb6 axb6 11. Bd3 Nd5 12. Bg3 d6 13. 0-0 Nf6 14. Nbd2 Be6 15. a3 Rfc8 16. Nd4 Bd7 17. Nc4 Nd5 18. Nxc6 Rxc6 19. e4 Nf6 20. Nd2 Be6 21. Nf3 Nd7 22. Rfe1 Rcc8 23. e5 dxe5 24. Nxe5 Nc5 25. Bc2 Rd8 26. Rad1 Bb3 27. Bxb3 Nxb3 28. Rd7 Bxe5 29. Rxd8+ Rxd8 30. Bxe5 Rd2 31. c4 Nc5 32. h3 Nd3 33. Re3 Nxe5 34. Rxe5 Rxb2 35. Rxe7 Rc2 36. Rxb7 Rxc4 37. Rxb6 Ra4 38. Rb3 Kf8 39. Re3 Kg7 40. Kf1 Kf6 41. Ke2 Ra8 42. Kd2 Rd8+ 43. Rd3 Ra8 44. Kc2 Rc8+ 45. Kb2 Rb8+ 46. Ka2 Ra8 47. Re3 Kf5 48. f3 Kf4 49. Re7 Kg3 50. Rxf7 Kxg2 51. Rxh7 Kxf3 52. Rg7 Kg3 53. Rxg6+ Kxh3 54. Rb6 Kg4 55. Rb4+ Kf5 56. a4 Ke6 57. Kb3 Kd6 58. Rb5 Kc6 59. Kb4 Kc7 60. a5 Rb8 61. Rxb8 Kxb8 62. Kb5 Kb7 63. Ka4 Ka6 64. Kb4 Ka7 65. Kb5 Kb7 66. a6+ Ka7 67. Ka5 Ka8 68. Kb6 Kb8 69. Ka5 Ka7 70. Kb5 Ka8 71. Kb6 Kb8 72. Kc5 Ka7 73. Kb5 Ka8 74. Ka5 Ka7 75. Kb5 1/2-1/2

[Event "GER-chT Christmas U16 Steinitz"]
[Site "Playchess.com INT"]
[Date "2020.12.28"]
[Round "3.3"]
[White "Poggemann, Alexander"]
[Black "Sell, Eero"]
[Result "0-1"]
[WhiteElo "1813"]
[BlackElo "1766"]
[PlyCount "102"]
[EventDate "2020.12.28"]
[EventType "team-swiss (blitz)"]
[EventRounds "7"]
[EventCountry "GER"]
[SourceTitle "CBM 200 Extra"]
[Source "ChessBase"]
[SourceDate "2021.03.31"]
[SourceVersion "1"]
[SourceVersionDate "2021.03.31"]
[SourceQuality "1"]
[WhiteTeam "Hemer"]
[BlackTeam "Blankenese"]
[WhiteTeamCountry "GER"]
[BlackTeamCountry "GER"]

1. e4 e5 2. Nf3 Nc6 3. d4 exd4 4. Nxd4 Nf6 5. Nc3 Nxe4 6. Nxe4 Qe7 7. Nxc6 Qxe4+ 8. Qe2 Qxe2+ 9. Bxe2 dxc6 10. 0-0 Bf5 11. c3 0-0-0 12. Be3 Bd6 13. Rad1 Rhe8 14. Bc4 Be6 15. Bxe6+ Rxe6 16. Bd4 Be5 17. Bxe5 Rxe5 18. Rxd8+ Kxd8 19. Rd1+ Ke7 20. Kf1 c5 21. c4 c6 22. f3 b5 23. Rc1 Kd6 24. Kf2 Kc7 25. Rc2 Kb6 26. Kg3 bxc4 27. Kf4 Re6 28. a4 Ka5 29. Rxc4 Re2 30. Rxc5+ Kb6 31. b4 Rxg2 32. a5+ Kb7 33. Rf5 f6 34. Rh5 h6 35. b5 cxb5 36. Rxb5+ Ka6 37. Rh5 Ra2 38. h4 Rxa5 39. Kg4 Rxh5 40. Kxh5 Kb5 41. Kg6 a5 42. Kxg7 a4 43. Kxh6 a3 44. Kg6 a2 45. h5 a1Q 46. h6 Qg1+ 47. Kh7 Kc6 48. Kh8 Kd7 49. f4 Ke7 50. f5 Kf7 51. h7 Qg7# 0-1

[Event "GER-chT Christmas U16 Steinitz"]
[Site "Playchess.com INT"]
[Date "2020.12.28"]
[Round "5.3"]
[White "Sell, Eero"]
[Black "Bildat, Emilia"]
[Result "0-1"]
[WhiteElo "1766"]
[BlackElo "1852"]
[PlyCount "66"]
[EventDate "2020.12.28"]
[EventType "team-swiss (blitz)"]
[EventRounds "7"]
[EventCountry "GER"]
[SourceTitle "CBM 200 Extra"]
[Source "ChessBase"]
[SourceDate "2021.03.31"]
[SourceVersion "1"]
[SourceVersionDate "2021.03.31"]
[SourceQuality "1"]
[WhiteTeam "Blankenese"]
[BlackTeam "Werder Bremen"]
[WhiteTeamCountry "GER"]
[BlackTeamCountry "GER"]

1. e4 c5 2. Nc3 g6 3. f4 Bg7 4. Nf3 Nc6 5. Bb5 e6 6. Bxc6 bxc6 7. d3 Ne7 8. 0-0 0-0 9. Be3 d6 10. e5 Rb8 11. Rb1 Nf5 12. Bf2 dxe5 13. Nxe5 Bxe5 14. fxe5 Nd4 15. Ne4 Bd7 16. Qg4 Nxc2 17. Bxc5 Re8 18. Nf6+ Kh8 19. Qh4 h5 20. Qg5 Kg7 21. Nxh5+ Kg8 22. Nf6+ Kg7 23. Nxe8+ Bxe8 24. Be7 Qd4+ 25. Kh1 Qe3 26. Bf6+ Kh7 27. Qh4+ Qh6 28. Rf4 g5 29. Bxg5 Qxh4 30. Bxh4 c5 31. Bf6 Bc6 32. Rg4 Kh6 33. Rf1 Ne3 0-1

[Event "GER-chT Christmas U16 Steinitz"]
[Site "Playchess.com INT"]
[Date "2020.12.28"]
[Round "7.3"]
[White "Sell, Eero"]
[Black "Nguyen, Tung Phong"]
[Result "0-1"]
[WhiteElo "1766"]
[BlackElo "1375"]
[PlyCount "40"]
[EventDate "2020.12.28"]
[EventType "team-swiss (blitz)"]
[EventRounds "7"]
[EventCountry "GER"]
[SourceTitle "CBM 200 Extra"]
[Source "ChessBase"]
[SourceDate "2021.03.31"]
[SourceVersion "1"]
[SourceVersionDate "2021.03.31"]
[SourceQuality "1"]
[WhiteTeam "Blankenese"]
[BlackTeam "Oberschoeneweide"]
[WhiteTeamCountry "GER"]
[BlackTeamCountry "GER"]

1. e4 e5 2. Nf3 Nc6 3. d4 exd4 4. Bc4 Nf6 5. e5 d5 6. Bb5 Nd7 7. 0-0 Be7 8. Nxd4 Ncxe5 9. Nf5 0-0 10. Bxd7 Bxd7 11. Nxe7+ Qxe7 12. Qxd5 Bc6 13. Qb3 Rad8 14. Bf4 Rfe8 15. Qg3 Ng6 16. Bxc7 Rd1 17. f3 Rxf1+ 18. Kxf1 Qe2+ 19. Kg1 Qd1+ 20. Kf2 Re2# 0-1

[Event "GER-chT Christmas U16 Steinitz"]
[Site "Playchess.com INT"]
[Date "2020.12.28"]
[Round "2.3"]
[White "Sell, Eero"]
[Black "Pichl, Christoph"]
[Result "1-0"]
[WhiteElo "1766"]
[BlackElo "1501"]
[PlyCount "93"]
[EventDate "2020.12.28"]
[EventType "team-swiss (blitz)"]
[EventRounds "7"]
[EventCountry "GER"]
[SourceTitle "CBM 200 Extra"]
[Source "ChessBase"]
[SourceDate "2021.03.31"]
[SourceVersion "1"]
[SourceVersionDate "2021.03.31"]
[SourceQuality "1"]
[WhiteTeam "Blankenese"]
[BlackTeam "Bad Homburg"]
[WhiteTeamCountry "GER"]
[BlackTeamCountry "GER"]

1. e4 c6 2. d4 d5 3. exd5 cxd5 4. Bd3 Nc6 5. c3 g6 6. Ne2 Bg7 7. 0-0 Nf6 8. Bf4 0-0 9. Qd2 Re8 10. Na3 a6 11. Nc2 Nh5 12. Bh6 Bd7 13. Bxg7 Kxg7 14. Ng3 Nf6 15. f4 e6 16. Rae1 Qc7 17. f5 exf5 18. Bxf5 Rxe1 19. Nxe1 Ne7 20. Bxd7 Qxd7 21. Qg5 Qe6 22. Nd3 h6 23. Qf4 Re8 24. Nc5 Qc6 25. Nd7 Neg8 26. Ne5 Qe6 27. Ne2 Rf8 28. Nc1 Nh5 29. Qf3 Nhf6 30. Ncd3 g5 31. Nc5 Qb6 32. Ncd7 Nxd7 33. Nxd7 Qe6 34. Nxf8 Kxf8 35. Qf2 Ke7 36. Re1 Kd6 37. Rxe6+ fxe6 38. Qf8+ Ne7 39. Qd8+ Kc6 40. Qxe7 b5 41. Qxe6+ Kb7 42. Qxd5+ Kc7 43. Qe6 Kd8 44. d5 Kc7 45. d6+ Kd8 46. Qe7+ Kc8 47. Qc7# 1-0